00364nam a2200109Ia 4500008004100000100002300041245008200064260001600146300001200162650001200174856006800186160712s9999 xx 000 0 und d aMedrana, Jack G.L. cJack G. L. MedranaaIncorporating a Tourism Agenda in Public Archaeology Work c2011bHukay avol. 16 xTOURISM uhttp://journals.upd.edu.ph/index.php/asp/issue/view/423/showToc